000 00329nam a2200157Ia 4500
100 _aBeyer/Hans/ Walter/W
650 _aChemistry
942 _cBK
366 _f20
654 _aorganic
245 _aOrganic Chemistry
260 _bAbbion Publishers
_c1997
082 _a547/BEY
_bBEY
300 _a1037
546 _aENGLISH
999 _c31744
_d31744